О качестве подготовки специалистов в техническом вузе; Известия Томского политехнического университета [Известия ТПУ]; Т. 309, № 6
| Parent link: | Известия Томского политехнического университета [Известия ТПУ]/ Томский политехнический университет (ТПУ).— , 2000- Т. 309, № 6.— 2006.— [С. 193-197] |
|---|---|
| 1. autor: | |
| Streszczenie: | Заглавие с титульного листа Электронная версия печатной публикации Анализируется качество современного образования в техническом вузе. Предлагаются новые подходы к преподаванию, важную роль в которых играет культурнообразующая функция преподавателя в процессе совершенствования знаний современного студента. |
| Język: | rosyjski |
| Wydane: |
2006
|
| Seria: | Социально-экономические и гуманитарные науки |
| Hasła przedmiotowe: | |
| Dostęp online: | http://www.lib.tpu.ru/fulltext/v/Bulletin_TPU/2006/v309/i6/45.pdf |
| Format: | Elektroniczne Rozdział |
| KOHA link: | https://koha.lib.tpu.ru/cgi-bin/koha/opac-detail.pl?biblionumber=171697 |
MARC
| LEADER | 00000nla2a2200000 4500 | ||
|---|---|---|---|
| 001 | 171697 | ||
| 005 | 20231031164040.0 | ||
| 035 | |a (RuTPU)RU\TPU\book\186162 | ||
| 035 | |a RU\TPU\book\186138 | ||
| 090 | |a 171697 | ||
| 100 | |a 20091208d2006 k y0rusy50 ca | ||
| 101 | 0 | |a rus | |
| 102 | |a RU | ||
| 135 | |a drnn ---uucaa | ||
| 181 | 0 | |a i | |
| 182 | 0 | |a b | |
| 200 | 1 | |a О качестве подготовки специалистов в техническом вузе |b Электронный ресурс |f Л. Н. Антропянская | |
| 203 | |a Текст |c электронный | ||
| 215 | |a 1 файл (105 Кб) | ||
| 225 | 1 | |a Социально-экономические и гуманитарные науки | |
| 230 | |a Электронные текстовые данные (1 файл : 105 Кб) | ||
| 300 | |a Заглавие с титульного листа | ||
| 300 | |a Электронная версия печатной публикации | ||
| 320 | |a [Библиогр.: с. 196-197 (11 назв.)] | ||
| 330 | |a Анализируется качество современного образования в техническом вузе. Предлагаются новые подходы к преподаванию, важную роль в которых играет культурнообразующая функция преподавателя в процессе совершенствования знаний современного студента. | ||
| 337 | |a Adobe Reader | ||
| 461 | 1 | |0 (RuTPU)RU\TPU\book\176237 |t Известия Томского политехнического университета [Известия ТПУ] |f Томский политехнический университет (ТПУ) |d 2000- | |
| 463 | 1 | |0 (RuTPU)RU\TPU\book\186033 |t Т. 309, № 6 |v [С. 193-197] |d 2006 |p 256 с. | |
| 610 | 1 | |a качество | |
| 610 | 1 | |a подготовка | |
| 610 | 1 | |a специалисты | |
| 610 | 1 | |a технические вузы | |
| 610 | 1 | |a современное образование | |
| 610 | 1 | |a подходы | |
| 610 | 1 | |a преподавание | |
| 610 | 1 | |a культурообразующая функция | |
| 610 | 1 | |a преподаватели | |
| 610 | 1 | |a знания | |
| 610 | 1 | |a студенты | |
| 610 | 1 | |a труды учёных ТПУ | |
| 610 | 1 | |a электронный ресурс | |
| 700 | 1 | |a Антропянская |b Л. Н. |c специалист в области социальной философии, лингвист |c доцент Томского политехнического университета, кандидат психологических наук |c в замужестве Фадеева |f 1952- |g Лилия Николаевна |2 stltpush |3 (RuTPU)RU\TPU\pers\28647 | |
| 801 | 1 | |a RU |b 63413507 |c 20090623 |g PSBO | |
| 801 | 2 | |a RU |b 63413507 |c 20211110 |g PSBO | |
| 856 | 4 | |u http://www.lib.tpu.ru/fulltext/v/Bulletin_TPU/2006/v309/i6/45.pdf | |
| 942 | |c CF | ||